First U.S. Cities to Reach 50,000 People - Statistics

General Stats
  • This quiz has been taken 257 times
  • The average score is 25 of 30
Answer Stats
Year City State % Correct
1797 New York NY
100%
1824 Boston MA
99%
1853 Chicago IL
98%
1808 Philadelphia PA
98%
1855 Washington DC
96%
1813 Baltimore MD
95%
1831 New Orleans LA
94%
1852 Buffalo NY
93%
1858 San Francisco CA
93%
1841 Cincinnati OH
92%
1862 Cleveland OH
92%
1861 Pittsburgh PA
92%
1846 St. Louis MO
92%
1850 Albany NY
91%
1862 Detroit MI
91%
1871 Indianapolis IN
91%
1870 Richmond VA
91%
1853 Louisville KY
90%
1860 Providence RI
90%
1862 Milwaukee WI
89%
1854 Newark NJ
87%
1864 Jersey City NJ
81%
1862 Rochester NY
81%
1870 New Haven CT
77%
1841 Brooklyn NY
69%
1876 Worcester MA
67%
1875 Lowell MA
48%
1874 Troy NY
38%
1869 Allegheny PA
37%
1848 Spring Garden PA
19%
No matching quizzes found
Score Distribution
Percent of People with Each Score
Percentile by Number Answered
Your Score History
You have not taken this quiz